Least and Most Accurate Sci-Fi Movies Quiz Stats

Quiz Updated Nov 17, 2015

Challenge
Share
Tweet
Embed
Score 0/0 Timer 00:00
0 Plays Today
Movie (and year) (L)east or (M)ost % Correct
Indiana Jones and the Kingdom of the Crystal Skull (2008)???
84.7%
2012 (2009)???
74.7%
2001: A Space Odyssey (1969)???
73.8%
The Andromeda Strain (1971)???
71.9%
The Core (2003)???
69.6%
Armageddon (1998)???
69.4%
Angels & Demons (2009)???
66.7%
The Matrix (1999)???
65.9%
Contact (1997)???
65.5%
The Day After Tomorrow (2004)???
64.4%
Movie (and year) (L)east or (M)ost % Correct
Gattaca (1997)???
63.5%
Vanilla Sky (2001)???
61.2%
Blade Runner (1982)???
60.6%
I Am Legend (2007)???
58.7%
The Black Hole (1979)???
54.7%
Alien (1979)???
53.8%
Deep Impact (1998)???
53%
Minority Report (2002)???
51.3%
Jurassic Park (1993)???
44.8%
The Terminator (1984)???
33.7%

You're not logged in!

Compare scores with friends on all Sporcle quizzes.
Sign Up with Email
OR
Log In

You Might Also Like...

Show Comments

Extras

Top Quizzes Today


Score Distribution

Your Account Isn't Verified!

In order to create a playlist on Sporcle, you need to verify the email address you used during registration. Go to your Sporcle Settings to finish the process.

Report this User

Report this user for behavior that violates our Community Guidelines.

Details: